O que é preciso para voar (Record no. 116905)

MARC details
000 -LÍDER
campo de controle de tamanho fixo 01158 a2200253 4500
001 - NÚMERO DE CONTROLE
campo de controle 116905
020 ## - ISBN - INTERNATIONAL STANDARD BOOK NUMBER
ISBN - International Standard Book Number 9788535645965
020 ## - ISBN - INTERNATIONAL STANDARD BOOK NUMBER
Informação qualificadora (Broch.)
041 ## - CÓDIGO DE IDIOMA
Código do idioma do texto/trilha sonora ou título diferente por
082 ## - CDD - CLASSIFICAÇÃO DECIMAL DE DEWEY
Número de Classificação 028.5
040 ## - FONTE DA CATALOGAÇÃO
Instituição da catalogação original BR-BrIDEA
Instituição que transcreveu o registro BR-BrIDEA
090 ## - NÚMERO DE CHAMADA LOCAL
Número de chamada (OCLC) (R); Número de chamada, CALL (RLIN) (NR) A Year 1 028
Número Cutter local (OCLC); Número de classificação do livro, CALL (RLIN) DUG
100 ## - ENTRADA PRINCIPAL--NOME PESSOAL
Nome pessoal Dugnani, Patrício
240 10 - TÍTULO UNIFORME
Idioma da obra Português
245 10 - TÍTULO
Título O que é preciso para voar
Indicação de responsabilidade, etc. Patrício Dugnani
260 ## - PUBLICAÇÃO, DISTRIBUIÇÃO, ETC.
Local de publicação, distribuição, etc. São Paulo
Nome do editor, distribuidor, etc. Paulinas
Data da publicação, distribuição, etc. 2020
300 ## - DESCRIÇÃO FÍSICA
Extensão 24p.
490 ## - TÍTULO DA SÉRIE
Título da série Dedo mindinho
520 ## - NOTA DE RESUMO, ETC
Resumo, etc. Por volta dos 4 anos de idade, a criança começa a perguntar como e por quê as coisas acontecem, num processo natural de desenvolvimento cognitivo e de aquisição da linguagem; neste livro, Patrício Dugnani tenta responder a algumas perguntas bastante curiosas: por que aves, insetos, super-heróis e tantas outras coisas voam? Uma criança também pode voar? Afinal; o que é preciso para voar? A cada página, uma explicação colorida e poética, que se abre a novas compreensões e descobertas, aguçando a percepção do pequeno leitor para o conhecimento.
521 ## - NOTA DO PÚBLICO ALVO
Nota de público alvo Year 1
697 ## - ENTRADA DE ASSUNTO LOCAL--ENTIDADE COLETIVA (RLIN)
Nome corporativo ou nome da jurisdição Literatura infantil
856 ## - LOCALIZAÇÃO ELETRÔNICA E ACESSO
Uniform Resource Identifier <a href="000027/0000276e.jpg">000027/0000276e.jpg</a>
942 ## - ELEMENTOS DE ENTRADA ADICIONADOS (KOHA)
Tipo de material Koha Livros
Holdings
Situação do descarte Situação das perdas Fonte da classificação ou esquema de arquivamento na estante Situação física Não pode ser emprestado Biblioteca de origem Biblioteca atual Data de aquisição Total de empréstimos Número de chamada completo Código de barras Data de último acesso Data do preço efetivo Tipo de material Koha
    Classificação Decimal de Dewey     ECB - ÁGUAS CLARAS ECB - ÁGUAS CLARAS 18/12/2020   A Year 1 028 DUG 00052188AGC 23/01/2024 23/01/2024 Livros